Report Of The Joint Committee On Finance And Road Transport On The Commercial Contract Agreement Between The GOG And The VDL Jonckheere Bus And Coach N>V> Of Belgium For The Supply Of Sixty-Three (63) Commuter Buses And Spare Parts At A Cost Of Nine Million, Nine Hundred And Sixty-Five Thousand Euros 9,965,000.00 To Be Imported For The Metro Mass Transit Limited (MMT) And A Loan Agreement Between The GOG And commerzbank AG, Brussels Branch, Belgium, For An Export Credit Facility Of Nine Million, Nine Hundred And Sixty-Five Thousand Euros 9,965,000.00 To Finance The Cost Of Purchase Of Sixty-Three (63) Commuter Buses And Spare Parts From VDL Jonckheere Bus And Coach N.V. Of Belgium For The Metro Mass Transit Limited (MMT). (Record no. 4481)

MARC details
000 -LEADER
fixed length control field 01146nam a22001697a 4500
003 - CONTROL NUMBER IDENTIFIER
control field OSt
005 - DATE AND TIME OF LATEST TRANSACTION
control field 20240906125421.0
008 - FIXED-LENGTH DATA ELEMENTS--GENERAL INFORMATION
fixed length control field 240906b |||||||| |||| 00| 0 eng d
041 ## - LANGUAGE CODE
Language code of text/sound track or separate title English
082 ## - DEWEY DECIMAL CLASSIFICATION NUMBER
Classification number CR/RFC/06 Acc.no. 9757
110 ## - MAIN ENTRY--CORPORATE NAME
Corporate name or jurisdiction name as entry element Parliament Of Ghana
245 ## - TITLE STATEMENT
Title Report Of The Joint Committee On Finance And Road Transport On The Commercial Contract Agreement Between The GOG And The VDL Jonckheere Bus And Coach N>V> Of Belgium For The Supply Of Sixty-Three (63) Commuter Buses And Spare Parts At A Cost Of Nine Million, Nine Hundred And Sixty-Five Thousand Euros 9,965,000.00 To Be Imported For The Metro Mass Transit Limited (MMT) And A Loan Agreement Between The GOG And commerzbank AG, Brussels Branch, Belgium, For An Export Credit Facility Of Nine Million, Nine Hundred And Sixty-Five Thousand Euros 9,965,000.00 To Finance The Cost Of Purchase Of Sixty-Three (63) Commuter Buses And Spare Parts From VDL Jonckheere Bus And Coach N.V. Of Belgium For The Metro Mass Transit Limited (MMT).
260 ## - PUBLICATION, DISTRIBUTION, ETC.
Place of publication, distribution, etc. Accra
Name of publisher, distributor, etc. Parliament Of Ghana
Date of publication, distribution, etc. 2006
300 ## - PHYSICAL DESCRIPTION
Extent 5p.;
650 ## - SUBJECT ADDED ENTRY--TOPICAL TERM
Source of heading or term Metro Mass Transit Limited (MMT).
942 ## - ADDED ENTRY ELEMENTS (KOHA)
Source of classification or shelving scheme Dewey Decimal Classification
Koha item type Reports
Suppress in OPAC No
Holdings
Withdrawn status Lost status Source of classification or shelving scheme Damaged status Not for loan Home library Current library Shelving location Date acquired Total checkouts Full call number Date last seen Copy number Price effective from Koha item type
    Dewey Decimal Classification     Main Library Main Library Open Shelves 06/09/2024   CR/RFC/06 Acc.no. 9756 C1 06/09/2024 1 06/09/2024 Reports
    Dewey Decimal Classification     Main Library Main Library Open Shelves 06/09/2024   CR/RFC/06 Acc.no. 9757 C2 06/09/2024 2 06/09/2024 Reports
    Dewey Decimal Classification     Main Library Main Library Open Shelves 06/09/2024   CR/RFC/06 Acc.no. 9758 C3 06/09/2024 3 06/09/2024 Reports
©2026  Parliament of Ghana Library - All rights reserved